Dziady /
Збережено в:
| Автор: | |
|---|---|
| Співавтор: | |
| Інші автори: | , |
| Формат: | Електронний ресурс |
| Мова: | Польська |
| Опубліковано: |
Krak©đw :
Wydawnictwo Greg,
2005.
|
| Серія: | Lektura (Greg)
|
| Предмети: | |
| Теги: |
Немає тегів, Будьте першим, хто поставить тег для цього запису!
|
MARC
| LEADER | 00000am|aa2200000i||4500 | ||
|---|---|---|---|
| 001 | 9910056331105606 | ||
| 005 | 20260515140227.0 | ||
| 008 | 260418t pl ||||| |||| 00| u pol d | ||
| 020 | |a 837327183X | ||
| 035 | |a 991006472659705066 | ||
| 035 | |a (PL-WaBN)b54998943-48omnis_nlop | ||
| 035 | |a b54998943 | ||
| 035 | |a (OCoLC)749795574 | ||
| 035 | |a (PL)b0000005499894 | ||
| 040 | |a WA N |c WA N |d WA N | ||
| 041 | 0 | |a pol | |
| 080 | |a (075.3) | ||
| 080 | |a 821.162.1(091)-2"18" | ||
| 080 | |a 821.162.1-2 | ||
| 090 | |c 90 |d 89 | ||
| 100 | |a Mickiewicz, Adam |9 12499 |d (1798-1855). | ||
| 245 | 1 | 0 | |a Dziady / |
| 260 | |a Krak©đw : |b Wydawnictwo Greg, |c 2005. | ||
| 300 | |a 290 stron : |b ilustracje ; |c 21 cm. | ||
| 490 | 1 | |a Lektura : wydanie z opracowaniem | |
| 500 | |||
| 504 | |a Indeks. | ||
| 600 | 1 | 7 | |a Mickiewicz, Adam |d (1798-1855). |
| 650 | 7 | |a Dramat romantyczny | |
| 650 | 7 | |a Duchy | |
| 650 | 7 | |a Literatura polska | |
| 650 | 7 | |a Mesjanizm | |
| 650 | 7 | |a Metamorfoza postaci | |
| 650 | 7 | ||
| 650 | 7 | ||
| 650 | 7 | ||
| 650 | 7 | |a Spisek | |
| 650 | 7 | ||
| 650 | 7 | ||
| 650 | 7 | |a Wina (etyka) | |
| 651 | 7 | |a Polska | |
| 651 | 7 | |a Zab©đr rosyjski | |
| 700 | 1 | |a Ludwikowska, Jolanta |d (1962- ) |e Ilustracje | |
| 700 | 1 | |a Rzehak, Wojciech |d (1967- ) |e Opracowanie | |
| 710 | 2 | |a Wydawnictwo Greg | |
| 830 | 0 | |a Lektura (Greg) | |
| 920 | |a 83-7327-183-X | ||
| 942 | |c K | ||
| 952 | |0 0 |1 0 |4 0 |6 R__50_000000000000000 |7 0 |9 87 |a RYT |b RYT |d 2026-04-18 |e 1/2026 |g 10.00 |l 0 |o R.50 |p 2000000000503 |r 2026-05-15 14:02:27 |w 2026-05-15 |y BK |z da | ||
| 999 | |c 87 |d 87 | ||